Prathaa - Kath-Khuni Architecture of Himachal Pradesh (Record no. 12826)

000 -LEADER
fixed length control field 01632cam a2200349 ic4500
003 - CONTROL NUMBER IDENTIFIER
control field OSt
005 - DATE AND TIME OF LATEST TRANSACTION
control field 20240719163736.0
008 - FIXED-LENGTH DATA ELEMENTS--GENERAL INFORMATION
fixed length control field 091127s2008 ii ab b 001 0 eng d
010 ## - LIBRARY OF CONGRESS CONTROL NUMBER
LC control number 2013655153
020 ## - INTERNATIONAL STANDARD BOOK NUMBER
International Standard Book Number 9788190409681
020 ## - INTERNATIONAL STANDARD BOOK NUMBER
International Standard Book Number 8190409689
025 ## - OVERSEAS ACQUISITION NUMBER
Overseas acquisition number I-E-2013-655153; 17-92
043 ## - GEOGRAPHIC AREA CODE
Geographic area code a-ii---
082 04 - DEWEY DECIMAL CLASSIFICATION NUMBER
Classification number 720.95452
Edition number 22
100 1# - MAIN ENTRY--PERSONAL NAME
Personal name Thakkar, Jay,
Dates associated with a name 1976-
Relator term author.
245 10 - TITLE STATEMENT
Title Prathaa - Kath-Khuni Architecture of Himachal Pradesh
Statement of responsibility, etc Jay Thakkar, Skye Morrison ; advisor, Kireet Patel ; research assistant, Hardik Amin ; foreword by George Michell.
300 ## - PHYSICAL DESCRIPTION
Extent 313 pages :
Other physical details illustrations (chiefly color), maps ;
Dimensions 29 cm
490 0# - SERIES STATEMENT
Series statement [Space making craft ;
Volume number/sequential designation v. 2]
500 ## - GENERAL NOTE
General note Series statement from jacket.
504 ## - BIBLIOGRAPHY, ETC. NOTE
Bibliography, etc Includes bibliographical references (page 307) and index.
505 0# - FORMATTED CONTENTS NOTE
Formatted contents note part 1. Beginning of a journey -- part 2. Vernacular houses -- part 3. Granaries -- part 4. Temples -- part 5. End of a journey.
650 #0 - SUBJECT ADDED ENTRY--TOPICAL TERM
Topical term or geographic name as entry element Vernacular architecture
Geographic subdivision India
-- Himachal Pradesh
Form subdivision Designs and plans.
650 #0 - SUBJECT ADDED ENTRY--TOPICAL TERM
Topical term or geographic name as entry element Architecture, Domestic
Geographic subdivision India
-- Himachal Pradesh
Form subdivision Designs and plans.
650 #0 - SUBJECT ADDED ENTRY--TOPICAL TERM
Topical term or geographic name as entry element Granaries
Geographic subdivision India
-- Himachal Pradesh
Form subdivision Designs and plans.
650 #0 - SUBJECT ADDED ENTRY--TOPICAL TERM
Topical term or geographic name as entry element Hindu temples
Geographic subdivision India
-- Himachal Pradesh
Form subdivision Designs and plans.
650 #0 - SUBJECT ADDED ENTRY--TOPICAL TERM
Topical term or geographic name as entry element Interior decoration
Geographic subdivision India
-- Himachal Pradesh.
650 #0 - SUBJECT ADDED ENTRY--TOPICAL TERM
Topical term or geographic name as entry element Building, Wooden
Geographic subdivision India
-- Himachal Pradesh.
650 #0 - SUBJECT ADDED ENTRY--TOPICAL TERM
Topical term or geographic name as entry element Stone houses
Geographic subdivision India
-- Himachal Pradesh.
700 1# - ADDED ENTRY--PERSONAL NAME
Personal name Morrison, Sheila Skye,
Dates associated with a name 1951-
Relator term author.
710 2# - ADDED ENTRY--CORPORATE NAME
Corporate name or jurisdiction name as entry element Center for Environmental Planning and Technology University (Ahmadābād, India).
Subordinate unit SID Research Cell.
942 ## - ADDED ENTRY ELEMENTS (KOHA)
Source of classification or shelving scheme
Holdings
Withdrawn status Lost status Source of classification or shelving scheme Damaged status Koha normalized classification for sorting Not for loan Permanent location Current location Date acquired Source of acquisition Cost, normal purchase price Full call number Barcode Date last seen Cost, replacement price Price effective from Koha item type Total Checkouts Total Renewals Date last borrowed
        720_954000000000000   BMS College of Architecture, Design and Planning BMS College of Architecture, Design and Planning 2024-06-27 1 2471.25 720.954 AR-UG3878 2024-06-27 3295.00 2024-06-27 B.PLAN      
        720_954000000000000   BMS College of Architecture, Design and Planning BMS College of Architecture, Design and Planning 2024-06-27 1 2471.25 720.954 AR-UG3877 2025-11-26 3295.00 2024-06-27 B.PLAN 1 1 2025-08-13
Copyright © 2025, The Librarian, Library and Information Centre, BMSCA D&P, Bengaluru. All Rights Reserved
web counter

Powered by Koha